000
00218nam a22000977a 4500
082
_a
297 STU'
245
_a
STUDIES ON COMMON WEALTH OF MUSLIM COUNTRIES
260
_a
KARACHI
_b
UMMA
_c
1961
300
_a
96P
942
_c
BK
999
_c
581822
_d
581822